[Event "Contrecoeur op"]
[Site "Contrecoeur CAN"]
[Date "2019.11.03"]
[Round "4.7"]
[White "Hernandez, Juan Felipe"]
[Black "Huang, Qiuyu"]
[Result "1/2-1/2"]
[WhiteElo "1629"]
[BlackElo "1992"]
[PlyCount "138"]
[EventDate "2019.11.02"]
[EventType "swiss"]
[EventRounds "5"]
[EventCountry "CAN"]

1. e4 c5 2. Nf3 Nc6 3. c3 d5 4. exd5 Qxd5 5. d4 Bg4 6. Be2 e6 7. Na3 cxd4 8.
Nb5 O-O-O 9. Nbxd4 Nxd4 10. Qxd4 Bxf3 11. Bxf3 Qxd4 12. cxd4 Kb8 13. Be3 Bb4+
14. Ke2 Ne7 15. Rac1 Rd7 16. Rc4 Ba5 17. Rhc1 Rhd8 18. Bf4+ Ka8 19. Bc7 Bxc7
20. Rxc7 Kb8 21. Rxd7 Rxd7 22. Kd3 e5 23. Ke4 exd4 24. Kd3 Ng6 25. Be4 Nf4+ 26.
Kd2 g6 27. g3 Ne6 28. h4 Rc7 29. Rxc7 Kxc7 30. Kd3 Kd6 31. b4 b6 32. a4 f5 33.
Bg2 f4 34. Ke4 fxg3 35. fxg3 a5 36. bxa5 bxa5 37. Bf1 Nc5+ 38. Kxd4 Nxa4 39. g4
Nc5 40. h5 gxh5 41. gxh5 h6 42. Kc4 Ne4 43. Kb5 Ng3 44. Bh3 Nxh5 45. Kxa5 Nf6
46. Kb5 Ke5 47. Kc4 Ke4 48. Kc3 Ke3 49. Kc2 Ke2 50. Bc8 h5 51. Kc3 h4 52. Kd4
Kf3 53. Bb7+ Kf4 54. Kd3 h3 55. Ke2 Kg3 56. Kf1 Ng4 57. Ba8 Ne3+ 58. Ke1 Ng2+
59. Kf1 Nh4 60. Bh1 Nf5 61. Ba8 Ne3+ 62. Ke1 Nc2+ 63. Kf1 Nd4 64. Bh1 h2 65.
Ke1 Nf5 66. Kf1 Ne3+ 67. Ke1 Ng4 68. Kf1 Nf2 69. Bg2 h1=Q+ 1/2-1/2

[Event "Contrecoeur op"]
[Site "Contrecoeur CAN"]
[Date "2019.11.03"]
[Round "4.8"]
[White "Bilodeau-Savaria, Sandy-Rose"]
[Black "Mok, Yuen Tak"]
[Result "0-1"]
[WhiteElo "1353"]
[BlackElo "1795"]
[PlyCount "108"]
[EventDate "2019.11.02"]
[EventType "swiss"]
[EventRounds "5"]
[EventCountry "CAN"]

1. d4 d5 2. c4 c6 3. Nf3 Nf6 4. Nc3 e6 5. e3 Bd6 6. Bd3 dxc4 7. Bxc4 b5 8. Bd3
Nbd7 9. a4 b4 10. Ne4 Be7 11. Qc2 Bb7 12. Nxf6+ Nxf6 13. Ne5 Rc8 14. Bd2 O-O
15. O-O c5 16. dxc5 Qd5 17. Nf3 Rxc5 18. Qb1 Rd8 19. Bxb4 Qxd3 20. Qxd3 Rxd3
21. Bxc5 Bxc5 22. Rac1 Bb6 23. b4 Kf8 24. Ne5 Rd5 25. Nc4 Bd8 26. f3 Ne8 27.
Rfd1 f6 28. b5 Ke7 29. Kf2 Rxd1 30. Rxd1 Bd5 31. Nb2 f5 32. Ke2 Nd6 33. Kd3 Ba5
34. Rc1 e5 35. Rc5 Ke6 36. Nd1 e4+ 37. Ke2 Bc4+ 38. Kf2 Bb3 39. Nb2 f4 40. Rc6
Bd5 41. Rc2 Bb6 42. Rc3 fxe3+ 43. Ke2 Bd4 44. Rc2 Bb3 45. Rc7 Bxb2 46. Kxe3
Bxa4 47. Rxa7 Bd4+ 48. Kxd4 Nxb5+ 49. Kxe4 Nxa7 50. h3 Nb5 51. g4 Nd6+ 52. Kf4
Bc6 53. h4 Nc4 54. h5 Ne5 0-1

[Event "Contrecoeur op"]
[Site "Contrecoeur CAN"]
[Date "2019.11.03"]
[Round "5.1"]
[White "Saha, Ananda"]
[Black "Sambuev, Bator"]
[Result "1-0"]
[WhiteElo "2026"]
[BlackElo "2504"]
[PlyCount "99"]
[EventDate "2019.11.02"]
[EventType "swiss"]
[EventRounds "5"]
[EventCountry "CAN"]

1. d4 e6 2. e4 d5 3. e5 c5 4. c3 Nc6 5. Nf3 Qb6 6. a3 Nh6 7. b4 cxd4 8. cxd4
Nf5 9. Be3 Bd7 10. Be2 Rc8 11. O-O Be7 12. Qd2 Nxe3 13. fxe3 O-O 14. Rc1 f6 15.
exf6 Bxf6 16. Nc3 Ne7 17. b5 Qd8 18. Na4 b6 19. Nb2 Nf5 20. Rxc8 Qxc8 21. a4
Nd6 22. Rc1 Qb8 23. Nd3 Nc4 24. Rxc4 dxc4 25. Nde5 Qd6 26. Bxc4 Bc8 27. Qa2 Re8
28. Bd3 g6 29. Qc2 Bxe5 30. Nxe5 Qb4 31. h3 Qe1+ 32. Kh2 Qxe3 33. Bxg6 Qxd4 34.
Bxh7+ Kh8 35. Qc7 Bd7 36. Nxd7 Qg7 37. Be4 e5 38. Qc6 Rg8 39. g4 Rd8 40. Bf5
Qg5 41. Qf6+ Qxf6 42. Nxf6 Rd4 43. h4 Rxa4 44. h5 a5 45. h6 Rf4 46. Ne4 Rxf5
47. gxf5 Kh7 48. Kg3 Kxh6 49. Kf3 a4 50. Nc3 1-0

[Event "Contrecoeur op"]
[Site "Contrecoeur CAN"]
[Date "2019.11.03"]
[Round "5.3"]
[White "Roussel-Roozmon, Thomas"]
[Black "Tanaka, Tyler"]
[Result "1-0"]
[WhiteElo "2472"]
[BlackElo "2123"]
[PlyCount "73"]
[EventDate "2019.11.02"]
[EventType "swiss"]
[EventRounds "5"]
[EventCountry "CAN"]

1. d4 Nf6 2. c4 g6 3. g3 Bg7 4. Bg2 O-O 5. Nc3 d6 6. Nf3 c5 7. d5 e6 8. O-O
exd5 9. cxd5 Re8 10. Bf4 a6 11. a4 Qc7 12. Qd2 Nbd7 13. Rfc1 Ng4 14. Rab1 Nge5
15. b4 b6 16. Nxe5 Nxe5 17. a5 Nc4 18. Qd3 b5 19. bxc5 Qxc5 20. Ne4 Qd4 21.
Nxd6 Nxd6 22. Bxd6 Bf5 23. Qxd4 Bxd4 24. e4 Bxe4 25. Bxe4 Rxe4 26. Bc7 Be5 27.
d6 Rd4 28. Rd1 Rxd1+ 29. Rxd1 Kf8 30. Bb6 Bf6 31. d7 Rd8 32. Bxd8 Bxd8 33. Re1
Be7 34. Rd1 Bd8 35. Re1 Be7 36. Kf1 b4 37. Ke2 1-0

[Event "Contrecoeur op"]
[Site "Contrecoeur CAN"]
[Date "2019.11.03"]
[Round "5.5"]
[White "Turcotte, Jonathan"]
[Black "Zhong, Kevin"]
[Result "0-1"]
[WhiteElo "1976"]
[BlackElo "2074"]
[PlyCount "66"]
[EventDate "2019.11.02"]
[EventType "swiss"]
[EventRounds "5"]
[EventCountry "CAN"]

1. d4 Nf6 2. c4 e6 3. Nf3 c5 4. d5 exd5 5. cxd5 d6 6. Nc3 g6 7. h3 Bg7 8. e4
O-O 9. Bd3 Re8 10. O-O a6 11. a4 Nh5 12. Bg5 Bf6 13. Bh6 Nd7 14. Re1 Rb8 15.
Qd2 Ne5 16. Be2 Ng7 17. a5 b5 18. axb6 Qxb6 19. Reb1 Nxf3+ 20. Bxf3 Be5 21. Be3
Qc7 22. Be2 Rb6 23. Qc2 f5 24. Na4 Rb4 25. Bc4 Bd4 26. Bd2 Rb8 27. exf5 Bxf5
28. Bd3 Bxd3 29. Qxd3 Qf7 30. Rf1 Qxd5 31. Qxa6 Nf5 32. Rac1 Ng3 33. Rfe1 Bxf2+
0-1

[Event "Contrecoeur op"]
[Site "Contrecoeur CAN"]
[Date "2019.11.03"]
[Round "5.6"]
[White "Huang, Qiuyu"]
[Black "Mok, Yuen Tak"]
[Result "1/2-1/2"]
[WhiteElo "1992"]
[BlackElo "1795"]
[PlyCount "39"]
[EventDate "2019.11.02"]
[EventType "swiss"]
[EventRounds "5"]
[EventCountry "CAN"]

1. e4 c6 2. d4 d5 3. exd5 cxd5 4. c4 Nf6 5. Nc3 g6 6. Bg5 Bg7 7. Nf3 Ne4 8. Be3
Qa5 9. cxd5 Nxc3 10. Qd2 O-O 11. bxc3 Qxd5 12. c4 Qd8 13. Be2 Nc6 14. O-O b6
15. Rab1 Ba6 16. Rfc1 Rc8 17. c5 Bxe2 18. Qxe2 Nxd4 19. Nxd4 Bxd4 20. Bxd4
1/2-1/2

[Event "Contrecoeur op"]
[Site "Contrecoeur CAN"]
[Date "2019.11.03"]
[Round "5.7"]
[White "Gil, Bernardo"]
[Black "Hernandez, Juan Felipe"]
[Result "0-1"]
[WhiteElo "1706"]
[BlackElo "1629"]
[PlyCount "84"]
[EventDate "2019.11.02"]
[EventType "swiss"]
[EventRounds "5"]
[EventCountry "CAN"]

1. Nf3 Nf6 2. g3 e6 3. Bg2 d5 4. O-O c5 5. d3 Nc6 6. Nbd2 Bd6 7. c4 O-O 8. b3
b6 9. Bb2 Bb7 10. Re1 d4 11. e3 e5 12. exd4 exd4 13. a3 Qc7 14. Ng5 Rae8 15.
Nge4 Nxe4 16. Nxe4 Bc8 17. Nxd6 Qxd6 18. Bc1 Qg6 19. Bf4 Bf5 20. Qf3 Nd8 21.
Bd6 Qxd6 22. Qxf5 Nc6 23. f4 Ne7 24. Qg4 g6 25. Re5 Nc6 26. Re2 Re3 27. Rxe3
dxe3 28. Qf3 e2 29. Re1 Nd4 30. Qf2 Re8 31. Bf3 Nxf3+ 32. Qxf3 Qd4+ 33. Qf2
Qxd3 34. Kg2 Re3 35. Kg1 Qe4 36. h3 Rxb3 37. Rxe2 Rb1+ 38. Qf1 Rxf1+ 39. Kxf1
Qxc4 40. Kf2 Qd4+ 41. Kf3 Kg7 42. g4 c4 0-1

[Event "Contrecoeur op"]
[Site "Contrecoeur CAN"]
[Date "2019.11.03"]
[Round "5.8"]
[White "Bilodeau-Savaria, Carl-William"]
[Black "Bilodeau-Savaria, Sandy-Rose"]
[Result "0-1"]
[WhiteElo "1601"]
[BlackElo "1353"]
[PlyCount "70"]
[EventDate "2019.11.02"]
[EventType "swiss"]
[EventRounds "5"]
[EventCountry "CAN"]

1. d4 d5 2. c4 e6 3. Nf3 Nf6 4. Nc3 Nbd7 5. Bg5 Be7 6. e3 h6 7. Bh4 O-O 8. Bd3
c5 9. O-O b6 10. cxd5 exd5 11. Rc1 Bb7 12. Qc2 Re8 13. Bg3 a6 14. a4 Rc8 15.
Bf5 Nh5 16. Ne5 Nxg3 17. fxg3 Nxe5 18. Bxc8 Qxc8 19. dxe5 Bg5 20. Rce1 Rxe5 21.
Qf2 Qe6 22. Nd1 Bc6 23. h4 Bf6 24. b3 b5 25. Qf4 d4 26. axb5 Bxb5 27. Rf2 Qxb3
28. Qg4 Qe6 29. Qxe6 Rxe6 30. Rf5 c4 31. Kf2 d3 32. Rc5 Rc6 33. Rxc6 Bxc6 34.
e4 Bd4+ 35. Ne3 Bxe4 0-1

[Event "Contrecoeur op Extra"]
[Site "Contrecoeur CAN"]
[Date "2019.11.03"]
[Round "1.1"]
[White "Dubois, Lise"]
[Black "Dion, Yves"]
[Result "1/2-1/2"]
[WhiteElo "1302"]
[BlackElo "1349"]
[PlyCount "155"]
[EventDate "2019.11.01"]
[EventType "swiss"]
[EventRounds "5"]
[EventCountry "CAN"]

1. d4 Nf6 2. c4 e5 3. dxe5 Ne4 4. Nc3 Bb4 5. Bd2 Nxd2 6. Qxd2 Nc6 7. Nf3 Qe7 8.
Qg5 Qxg5 9. Nxg5 Nxe5 10. e3 h6 11. Nge4 f5 12. Nd2 Bxc3 13. bxc3 d6 14. Be2
Be6 15. f4 Ng4 16. Nf1 O-O-O 17. h3 Nf6 18. Nd2 Rde8 19. Kf2 Bf7 20. Bd3 g6 21.
a4 a6 22. Rab1 Nd7 23. Nb3 Nc5 24. Nxc5 dxc5 25. Rb2 a5 26. Rhb1 b6 27. Rd2 Re6
28. g4 Rf6 29. Be2 Be8 30. Bd1 Bc6 31. Bc2 Re8 32. Rbd1 Kb7 33. Re1 Be4 34. Bd1
Rd6 35. Rb2 Red8 36. Bf3 Rd2+ 37. Re2 Rxb2 38. Rxb2 Bxf3 39. Kxf3 Rd3 40. Rc2
fxg4+ 41. hxg4 Rd1 42. f5 gxf5 43. gxf5 Rd6 44. Ke4 Kc8 45. Rg2 Kd7 46. Rg7+
Ke8 47. Rxc7 Rd7 48. Rc6 Re7+ 49. Kf4 Rh7 50. Rxb6 Kd8 51. Kg4 h5+ 52. Kh4 Rf7
53. e4 Re7 54. Kxh5 Rxe4 55. Ra6 Rxc4 56. Rxa5 Rxc3 57. f6 Ke8 58. Ra7 c4 59.
a5 Rg3 60. a6 Ra3 61. Re7+ Kf8 62. a7 c3 63. Kg6 c2 64. Rf7+ Kg8 65. Rc7 Rg3+
66. Kf5 Rf3+ 67. Ke4 Ra3 68. Kd4 c1=Q 69. Rxc1 Rxa7 70. Rc6 Kf7 71. Kc5 Ra5+
72. Kb6 Rf5 73. Rc7+ Kxf6 74. Rd7 Ke6 75. Rh7 Kd5 76. Rh1 Kd6 77. Rh6+ Kd5 78.
Rh1 1/2-1/2

[Event "Contrecoeur op U1200"]
[Site "Contrecoeur CAN"]
[Date "2019.11.01"]
[Round "1.1"]
[White "Loevenich, Anna"]
[Black "Caron, Marie-Helene"]
[Result "0-1"]
[WhiteElo "953"]
[BlackElo "1115"]
[PlyCount "84"]
[EventDate "2019.11.01"]
[EventType "swiss"]
[EventRounds "5"]
[EventCountry "CAN"]

1. e4 e5 2. Nf3 Nc6 3. Nc3 Nf6 4. d4 exd4 5. Nxd4 Nxd4 6. Qxd4 c5 7. Qd1 d6 8.
Bg5 Be7 9. Qd2 Ng4 10. Be3 Nxe3 11. Qxe3 Bg5 12. Qf3 O-O 13. Nd5 Be6 14. Bc4 f6
15. O-O Kh8 16. Bb5 a6 17. Be2 f5 18. Bc4 fxe4 19. Qxe4 Bf5 20. Qe2 Re8 21. Qf3
Re5 22. Rfe1 Bg6 23. Bd3 Bxd3 24. Qxd3 Rb8 25. b3 Qe8 26. Qd1 Qf7 27. c4 b5 28.
Qd3 bxc4 29. Qxc4 Rbe8 30. Kf1 Rf8 31. f3 Bh4 32. Rxe5 dxe5 33. Qxc5 e4 34. f4
e3 35. Ke2 Bf2 36. Rf1 Qh5+ 37. Kd3 Rd8 38. Kc3 e2 39. Qxf2 exf1=Q 40. Qxf1
Qxd5 41. Qxa6 Qd2+ 42. Kc4 Qe2+ 0-1

[Event "Contrecoeur op U1200"]
[Site "Contrecoeur CAN"]
[Date "2019.11.01"]
[Round "1.2"]
[White "Mourad, Michel"]
[Black "Larocque, Pierre"]
[Result "1-0"]
[WhiteElo "1095"]
[BlackElo "920"]
[PlyCount "47"]
[EventDate "2019.11.01"]
[EventType "swiss"]
[EventRounds "5"]
[EventCountry "CAN"]

1. d4 d5 2. c4 Nf6 3. cxd5 Nxd5 4. e4 Nf6 5. Nc3 Bg4 6. f3 Bh5 7. Qa4+ c6 8.
Qb3 Qxd4 9. Qxb7 Qb6 10. Qxa8 Nfd7 11. Nh3 e5 12. Nd5 Bb4+ 13. Nxb4 Qxb4+ 14.
Bd2 Qb6 15. Rc1 O-O 16. Rc3 Na6 17. Qxc6 Qxb2 18. Qxa6 Rd8 19. Rc8 Qb1+ 20. Ke2
Rxc8 21. Qxc8+ Nf8 22. Ng5 Qb5+ 23. Kf2 h6 24. Bxb5 1-0

[Event "Contrecoeur op U1200"]
[Site "Contrecoeur CAN"]
[Date "2019.11.02"]
[Round "2.4"]
[White "Giasson, Coralie"]
[Black "Hu, Richard"]
[Result "0-1"]
[WhiteElo "1062"]
[BlackElo "1083"]
[PlyCount "100"]
[EventDate "2019.11.01"]
[EventType "swiss"]
[EventRounds "5"]
[EventCountry "CAN"]

1. e4 c5 2. Nf3 d6 3. Nc3 Nf6 4. h3 Nc6 5. Bc4 a6 6. a3 g6 7. d3 Bg7 8. Be3 Bd7
9. Qd2 b5 10. Ba2 O-O 11. Nd5 Nxd5 12. exd5 Ne5 13. Nxe5 Bxe5 14. c3 Bg7 15. c4
bxc4 16. dxc4 Rb8 17. Rb1 Bf5 18. Rd1 Rxb2 19. Qc1 Rxa2 20. g4 Bc2 21. Rd2 Ra1
22. O-O Rxc1 23. Rxc1 Bc3 24. Rdxc2 Bd4 25. Bxd4 cxd4 26. Rd2 Qa5 27. Rd3 f5
28. Ra1 fxg4 29. hxg4 Kg7 30. Rxd4 Qc5 31. Rd2 Qxc4 32. Re1 Qxg4+ 33. Kf1 Rf7
34. Rde2 Qf5 35. Rd1 Qf3 36. Ke1 Qxa3 37. Kf1 Qb3 38. Rdd2 a5 39. Re3 Qb4 40.
Rdd3 Qb5 41. f3 a4 42. Kf2 Kf8 43. Re4 Qxd3 44. Rxa4 Qc2+ 45. Kg3 Qxa4 46. Kf2
Qd4+ 47. Kg2 Qd3 48. f4 Rxf4 49. Kh2 Rf2+ 50. Kg1 Qf1# 0-1

[Event "Contrecoeur op U1200"]
[Site "Contrecoeur CAN"]
[Date "2019.11.02"]
[Round "2.5"]
[White "Desjardins, Raymond"]
[Black "Loevenich, Anna"]
[Result "0-1"]
[WhiteElo "1039"]
[BlackElo "953"]
[PlyCount "46"]
[EventDate "2019.11.01"]
[EventType "swiss"]
[EventRounds "5"]
[EventCountry "CAN"]

1. d4 d5 2. c4 e6 3. Nc3 Nf6 4. Bg5 Be7 5. e3 Nc6 6. Bd3 e5 7. cxd5 Nxd5 8.
Bxe7 Kxe7 9. Qe2 Re8 10. Bb5 Kf8 11. Bxc6 bxc6 12. Qc4 Qd6 13. Ne4 Qe6 14. Ng5
Qg6 15. N1h3 Bxh3 16. Nxh3 Qxg2 17. O-O-O Qxh3 18. Qxc6 Qe6 19. Qxe6 Rxe6 20.
Rhe1 Rb8 21. a3 f6 22. e4 Rc6+ 23. Kd2 Rxb2+ 0-1

[Event "Contrecoeur op U1200"]
[Site "Contrecoeur CAN"]
[Date "2019.11.02"]
[Round "2.6"]
[White "Larocque, Pierre"]
[Black "Savard, Alain"]
[Result "1-0"]
[WhiteElo "920"]
[BlackElo "976"]
[PlyCount "49"]
[EventDate "2019.11.01"]
[EventType "swiss"]
[EventRounds "5"]
[EventCountry "CAN"]

1. e4 c5 2. Nf3 d6 3. Nc3 Nc6 4. Bb5 Bd7 5. O-O e6 6. d4 cxd4 7. Nxd4 e5 8.
Nxc6 bxc6 9. Bc4 Rb8 10. b3 Nf6 11. h3 Be7 12. Bg5 Qc7 13. f4 Rd8 14. f5 Qb7
15. Bxf6 Bxf6 16. Qe2 Bc8 17. Rab1 Qa8 18. Qh5 O-O 19. Rf2 Bb7 20. g4 d5 21. g5
dxc4 22. gxf6 gxf6 23. Rg2+ Kh8 24. Qh6 Rd6 25. Qg7# 1-0

[Event "Contrecoeur op U1200"]
[Site "Contrecoeur CAN"]
[Date "2019.11.02"]
[Round "3.3"]
[White "Mourad, Michel"]
[Black "Caron, Marie-Helene"]
[Result "0-1"]
[WhiteElo "1095"]
[BlackElo "1115"]
[PlyCount "68"]
[EventDate "2019.11.01"]
[EventType "swiss"]
[EventRounds "5"]
[EventCountry "CAN"]

1. d4 d5 2. c4 dxc4 3. e4 b5 4. a4 c6 5. Nc3 b4 6. Na2 b3 7. Nc3 Ba6 8. Nf3 e6
9. Ne5 Nf6 10. Bxc4 Bxc4 11. Nxc4 Na6 12. Be3 Bb4 13. f3 O-O 14. Qxb3 Rb8 15.
Rc1 Be7 16. Qc2 Nb4 17. Qb1 Ne8 18. Rd1 Nd6 19. Ne5 f6 20. Nd3 Nxd3+ 21. Rxd3
Nc4 22. Bc1 f5 23. e5 f4 24. Ne2 Bb4+ 25. Nc3 Qh4+ 26. Ke2 Ne3 27. Bxe3 fxe3
28. Rxe3 Qxd4 29. Qd3 Bc5 30. Qxd4 Bxd4 31. Re4 Rxb2+ 32. Kd3 Bb6 33. Re2 Rd8+
34. Kc4 Rd4# 0-1

[Event "Contrecoeur op U1200"]
[Site "Contrecoeur CAN"]
[Date "2019.11.02"]
[Round "3.4"]
[White "Loevenich, Anna"]
[Black "Larocque, Pierre"]
[Result "0-1"]
[WhiteElo "953"]
[BlackElo "920"]
[PlyCount "92"]
[EventDate "2019.11.01"]
[EventType "swiss"]
[EventRounds "5"]
[EventCountry "CAN"]

1. e4 e5 2. Nf3 Nc6 3. Bc4 Nf6 4. Nc3 Bc5 5. O-O Na5 6. Be2 Qe7 7. d4 exd4 8.
Nxd4 O-O 9. Bf3 c6 10. Re1 d6 11. b3 Bb4 12. Bb2 Re8 13. a3 Bc5 14. b4 Nc4 15.
bxc5 Nxb2 16. Qb1 Nc4 17. cxd6 Qxd6 18. Qd1 Ne5 19. a4 Bg4 20. Rb1 Rab8 21. Re3
Rbd8 22. Re1 h5 23. h3 Qxd4 24. Re3 Nxf3+ 25. gxf3 Qxd1+ 26. Nxd1 Bxh3 27. Nc3
b6 28. Kh2 Bc8 29. e5 Nd5 30. Nxd5 Rxd5 31. Rbe1 Rd2 32. R1e2 Rd4 33. Re4 Rd1
34. Kg3 Re6 35. f4 Rg1+ 36. Kf3 h4 37. f5 Re8 38. Kf4 Rg2 39. R4e3 Bb7 40. Rh3
Ba6 41. Re4 Rxf2+ 42. Ke3 Rxc2 43. Rexh4 Rc3+ 44. Kf4 Rxh3 45. Rxh3 c5 46. Kg5
Rxe5 0-1

[Event "Contrecoeur op U1200"]
[Site "Contrecoeur CAN"]
[Date "2019.11.02"]
[Round "3.6"]
[White "Savard, Alain"]
[Black "Giasson, Coralie"]
[Result "1/2-1/2"]
[WhiteElo "976"]
[BlackElo "1062"]
[PlyCount "150"]
[EventDate "2019.11.01"]
[EventType "swiss"]
[EventRounds "5"]
[EventCountry "CAN"]

1. d4 d5 2. Bf4 Nf6 3. Nf3 Bf5 4. e3 e6 5. Nbd2 Nc6 6. c3 Be7 7. Be2 O-O 8. O-O
Bd6 9. Bg3 a6 10. a4 a5 11. Re1 b6 12. Nf1 Ne7 13. Bd3 Bxd3 14. Qxd3 Ne4 15.
Bh4 Qd7 16. N1d2 Qc6 17. Ng5 Nxg5 18. Bxg5 h6 19. Bh4 Ng6 20. Bg3 Bxg3 21. fxg3
Rae8 22. Nf3 e5 23. Qf5 exd4 24. Nxd4 Qd6 25. Re2 Re5 26. Qc2 c5 27. Nb5 Qe6
28. Rae1 Qe7 29. e4 Re8 30. h4 Rxe4 31. Rxe4 dxe4 32. c4 e3 33. Nc3 Qf6 34. Rf1
Qd4 35. Ne2 Qd2 36. Rc1 Qxc2 37. Rxc2 Re4 38. Kf1 Ne5 39. b3 Nd3 40. Kg1 h5 41.
Kh2 f6 42. g4 hxg4 43. Ng3 Re6 44. Re2 g5 45. hxg5 fxg5 46. Nf5 Nc1 47. Rxe3
Rxe3 48. Nxe3 Nxb3 49. Nxg4 Nd2 50. Ne5 Kg7 51. Kg3 Kf6 52. Nd7+ Kf5 53. Nxb6
Ke4 54. Kg4 Kd4 55. Kxg5 Nxc4 56. Nxc4 Kxc4 57. g4 Kd4 58. Kh5 c4 59. g5 c3 60.
g6 c2 61. g7 c1=Q 62. g8=Q Qd1+ 63. Qg4+ Qxg4+ 64. Kxg4 Kc4 65. Kf3 Kb4 66. Ke2
Kxa4 67. Kd1 Kb3 68. Kc1 a4 69. Kb1 Kc3 70. Ka2 Kb4 71. Kb2 a3+ 72. Ka2 Ka4 73.
Ka1 Kb3 74. Kb1 a2+ 75. Ka1 Ka3 1/2-1/2

[Event "Contrecoeur op U1200"]
[Site "Contrecoeur CAN"]
[Date "2019.11.03"]
[Round "4.2"]
[White "Caron, Marie-Helene"]
[Black "Hu, Richard"]
[Result "1-0"]
[WhiteElo "1115"]
[BlackElo "1083"]
[PlyCount "129"]
[EventDate "2019.11.01"]
[EventType "swiss"]
[EventRounds "5"]
[EventCountry "CAN"]

1. e4 c5 2. Bc4 d6 3. Nf3 Nf6 4. Ng5 e6 5. Bb5+ Nc6 6. Nc3 a6 7. Bd3 Be7 8. Nf3
Bd7 9. O-O O-O 10. Qe1 h6 11. e5 dxe5 12. Nxe5 Nxe5 13. Qxe5 Qb8 14. Qxb8 Raxb8
15. Ne4 Bc6 16. Nxf6+ Bxf6 17. f3 b5 18. c3 a5 19. a3 b4 20. Rb1 bxa3 21. bxa3
Rxb1 22. Bxb1 Rb8 23. Ba2 Bd5 24. Bxd5 exd5 25. a4 d4 26. c4 Rb4 27. d3 Rxa4
28. Re1 Kf8 29. Bf4 Be7 30. Rb1 f6 31. Rb8+ Kf7 32. Rb7 Ke6 33. Rb6+ Kf5 34.
Bc7 Ra3 35. g4+ Kg6 36. Kg2 Rxd3 37. Rb7 Kf7 38. Bxa5 Re3 39. Kf2 Ke6 40. Bd2
Ra3 41. Rb6+ Bd6 42. Bf4 Kd7 43. Rxd6+ Ke7 44. Rd5 Ra5 45. Bd6+ Ke6 46. Bxc5 d3
47. Ke1 Ra1+ 48. Kd2 Ra2+ 49. Kxd3 Rxh2 50. Ke4 Re2+ 51. Kf4 g5+ 52. Kg3 Rc2
53. Rd4 Kf7 54. Bd6 Ke6 55. c5 Kd7 56. Bf8+ Kc6 57. Rd1 Rc3 58. Re1 Kd5 59.
Rd1+ Kc6 60. Ra1 Kb7 61. Be7 Rc4 62. Rb1+ Kc6 63. Rb6+ Kd5 64. Bxf6 Rxc5 65.
Bg7 1-0

[Event "Contrecoeur op U1200"]
[Site "Contrecoeur CAN"]
[Date "2019.11.03"]
[Round "4.5"]
[White "Giasson, Coralie"]
[Black "Loevenich, Anna"]
[Result "1-0"]
[WhiteElo "1062"]
[BlackElo "953"]
[PlyCount "103"]
[EventDate "2019.11.01"]
[EventType "swiss"]
[EventRounds "5"]
[EventCountry "CAN"]

1. e4 e5 2. Nf3 Nc6 3. Nc3 Nf6 4. Bc4 Bc5 5. d3 d6 6. h3 Be6 7. Bg5 Nd4 8. a3
c6 9. b4 Bb6 10. Be3 O-O 11. O-O Qd7 12. Na4 c5 13. Nxb6 axb6 14. c3 Nb5 15.
Bxb5 Qxb5 16. c4 Qa4 17. bxc5 bxc5 18. Qxa4 Rxa4 19. Rfb1 Ra7 20. a4 Nd7 21. a5
Rb8 22. Bd2 f5 23. Ng5 Nf8 24. Nxe6 Nxe6 25. exf5 Nd4 26. g4 Nf3+ 27. Kg2 Nxd2
28. Rb6 Rd8 29. Ra2 Nxc4 30. dxc4 e4 31. Kf1 Ra6 32. Rxb7 Rda8 33. Rd7 Rxa5 34.
Rxa5 Rxa5 35. Rxd6 h6 36. Re6 Ra4 37. Rxe4 Kf7 38. Ke2 Kf6 39. Kd3 Kg5 40. Re7
Kh4 41. Rxg7 Ra3+ 42. Ke4 Ra4 43. Kd5 Ra5 44. Rg6 Kxh3 45. Rxh6+ Kxg4 46. f6
Ra6 47. f7 Rxh6 48. f8=Q Rh5+ 49. Kd6 Rf5 50. Qg7+ Kf4 51. Qg3+ Ke4 52. Qe3#
1-0

[Event "Contrecoeur op U1200"]
[Site "Contrecoeur CAN"]
[Date "2019.11.03"]
[Round "4.6"]
[White "Desjardins, Raymond"]
[Black "Savard, Alain"]
[Result "1-0"]
[WhiteElo "1039"]
[BlackElo "976"]
[PlyCount "56"]
[EventDate "2019.11.01"]
[EventType "swiss"]
[EventRounds "5"]
[EventCountry "CAN"]

1. d4 Nf6 2. c4 d5 3. Nc3 c6 4. Bg5 Nbd7 5. h3 e6 6. e3 Be7 7. Bd3 h6 8. Bxf6
Bxf6 9. Nge2 e5 10. cxd5 cxd5 11. Nxd5 Nb6 12. Bb5+ Bd7 13. Bxd7+ Nxd7 14. Rc1
Nb6 15. Nc7+ Ke7 16. Nxa8 Qxa8 17. Qc2 Rc8 18. Qb1 Rc4 19. Nc3 exd4 20. Nd5+
Kd6 21. Nxb6 Rxc1+ 22. Qxc1 axb6 23. a3 dxe3 24. Qxe3 Bxb2 25. Qxb6+ Kd7 26.
Qxb2 Qa5+ 27. Qd2+ Qxd2+ 28. Kxd2 Kc6 1-0

[Event "Contrecoeur op U1200"]
[Site "Contrecoeur CAN"]
[Date "2019.11.03"]
[Round "5.3"]
[White "Hu, Richard"]
[Black "Mourad, Michel"]
[Result "0-1"]
[WhiteElo "1083"]
[BlackElo "1095"]
[PlyCount "130"]
[EventDate "2019.11.01"]
[EventType "swiss"]
[EventRounds "5"]
[EventCountry "CAN"]

1. e4 e5 2. Nf3 Nf6 3. Nc3 Nc6 4. Bb5 d6 5. d4 Qe7 6. d5 a6 7. Ba4 b5 8. Nxb5
axb5 9. Bxb5 Bd7 10. dxc6 Bg4 11. Bg5 Rb8 12. Qe2 Qe6 13. Bc4 d5 14. exd5 Nxd5
15. Bxd5 Qxd5 16. Qxe5+ Qxe5+ 17. Nxe5 f6 18. Bxf6 gxf6 19. Nxg4 Rxb2 20. O-O
Rxc2 21. Nxf6+ Kf7 22. Nd7 Bg7 23. Rae1 Rxa2 24. Ne5+ Bxe5 25. Rxe5 Rc2 26. g3
Rxc6 27. Rfe1 Kf6 28. Re7 Kg5 29. Rd7 Kg4 30. Kg2 Rc2 31. Ree7 Rf8 32. Rf7 Rxf7
33. Rxf7 h6 34. h3+ Kg5 35. Rg7+ Kf6 36. Rg4 c5 37. Kf3 Rc3+ 38. Kg2 Rc2 39.
Rf4+ Kg5 40. Kf3 Rc3+ 41. Ke4 Rc4+ 42. Kf3 Rxf4+ 43. gxf4+ Kf5 44. Ke3 c4 45.
Kd4 Kxf4 46. Kxc4 Kf3 47. Kd5 Kxf2 48. Ke6 Kg3 49. Kf6 h5 50. Kg5 h4 51. Kh5
Kxh3 52. Kg5 Kg3 53. Kh5 h3 54. Kg5 h2 55. Kh5 h1=Q+ 56. Kg5 Qe4 57. Kf6 Qd5
58. Kg6 Qe5 59. Kh6 Qf5 60. Kg7 Qe6 61. Kh8 Qe7 62. Kg8 Kg4 63. Kh8 Kg5 64. Kg8
Kg6 65. Kh8 Qg7# 0-1

[Event "Contrecoeur op U1200"]
[Site "Contrecoeur CAN"]
[Date "2019.11.03"]
[Round "5.5"]
[White "Desjardins, Raymond"]
[Black "Giasson, Coralie"]
[Result "0-1"]
[WhiteElo "1039"]
[BlackElo "1022"]
[PlyCount "79"]
[EventDate "2019.11.01"]
[EventType "swiss"]
[EventRounds "5"]
[EventCountry "CAN"]

1. d4 d5 2. c4 Nf6 3. Nc3 e6 4. Bg5 Be7 5. h3 Nc6 6. e3 Bd7 7. Bd3 h6 8. Bxf6
Bxf6 9. Nge2 Ne7 10. O-O b6 11. cxd5 exd5 12. Rc1 O-O 13. Nf4 Bc6 14. Bb1 Bb7
15. Qd3 g6 16. Nh5 Bg7 17. Nxg7 Kxg7 18. Rfe1 Rg8 19. e4 Qd7 20. Re3 Kf8 21.
Rce1 Re8 22. Bc2 c6 23. Qd1 a6 24. e5 Nf5 25. Bxf5 Qxf5 26. Qf3 Qxf3 27. Rxf3
Re6 28. Na4 b5 29. Nc5 Re7 30. e6 Rg7 31. Nxb7 Rxb7 32. e7+ Rxe7 33. Rxe7 Kxe7
34. Rc3 Kd6 35. Ra3 Rg8 36. Rxa6 Re8 37. Kf1 Kc7 38. a4 Kb7 39. axb5 cxb5 40.
Rxg6 0-1

[Event "Contrecoeur op U1200"]
[Site "Contrecoeur CAN"]
[Date "2019.11.03"]
[Round "5.6"]
[White "Loevenich, Anna"]
[Black "Pepin, Pierre-Luc"]
[Result "0-1"]
[WhiteElo "953"]
[BlackElo "1051"]
[PlyCount "74"]
[EventDate "2019.11.01"]
[EventType "swiss"]
[EventRounds "5"]
[EventCountry "CAN"]

1. e4 d5 2. d3 dxe4 3. dxe4 Qxd1+ 4. Kxd1 Nc6 5. c3 Nf6 6. f3 e5 7. Bd3 Be6 8.
Be3 O-O-O 9. Kc2 a6 10. Nd2 Nd7 11. Ne2 Nc5 12. Bxc5 Bxc5 13. f4 f6 14. f5 Bf7
15. Rad1 Bh5 16. Nf3 b5 17. h3 Kb7 18. g4 Bf7 19. a3 Kb6 20. a4 b4 21. b3 bxc3
22. Nxc3 Nb4+ 23. Kb2 Nxd3+ 24. Kc2 Nf2 25. Rb1 Nxh3 26. b4 Be3 27. b5 Bc4 28.
a5+ Ka7 29. Ne1 Rd2+ 30. Kc1 Rg2+ 31. Kd1 Rd8+ 32. Nd5 Rd2+ 33. Kc1 R2xd5+ 34.
Kc2 Rd2+ 35. Kc3 axb5 36. Kb4 c5+ 37. Kc3 Bd4+ 0-1